000 00652nam a2200241Ia 4500
003 OSt
005 20251015192718.0
008 210423s2010 xx 000 0 und d
020 _a9788189267582
040 _cAL
041 _aEnglish
082 _a361.4
_bMISS
100 _aMisra P D
_9120671
245 _aSocial group work
_b: theory and practice
260 _aLucknow
_bNew Royal Books Co
_c2010
300 _aii,189
_bHB
365 _b495
_cINR
650 _aGroup Work
_9120672
650 _aSocial Problems & Services
_9120673
700 _aMisra, Bina
_9242330
906 _agroup ; practice ; Social ; work:theory
942 _2ddc
_cBK
999 _c175976
_d175976